00650 2200241 4500001002100000005001500021035002000036007000300056008004100059020002200100082000800122084001400130100001600144245007200160250001000232260003200242300003600274650002600310700001900336504003100355990001100386990001100397INLIS00000000000394920190820093230 a0010-0819000092ta190820 g 0 ind  a978-602-1622-16-2 a634 a634 SRI b0 aSRI, Rahayu1 aBudidaya Buah Naga Cepat Panen /cSri Rahayu; editor, Agus Satriani acet.1 a[s.l] :bInfra Hijau,c2014 avi, 132 hlm. :bilus. ;c23 cm. 4aPERKEBUNAN. BUAH NAGA0 aAGUS, Satriani aBibliografi : hlm. 132-133 a5801 a a5802 b